Alle miljoonan asukkaan valtiot - Äkkikuolema - Statistics

Yleistilastot
  • Tätä visaa on pelattu 3 345 kertaa
  • Keskiarvotulos 10 / 16
Answers on the Grid
Answers color-coded by a green-red scale on the quiz's grid according to % correct below.
Andorra
Armenia
Barbados
Belize
Bhutan
Brunei
Costa Rica
Espanja
Gabon
Islanti
Jamaika
Kiribati
Kroatia
Laos
Libya
Liechtenstein
Liettua
Luxemburg
Namibia
Nauru
Nepal
Pohjois-Korea
Saint Lucia
Samoa
Seychellit
Singapore
Suriname
Tuvalu
Uruguay
Vatikaani
 
Vastaustilastot
Vastaus % Oikein
1000 Vatikaani
76%
12 000 Nauru
72%
10 000 Tuvalu
71%
82 000 Andorra
70%
40 000 Liechtenstein
70%
180 000 Saint Lucia
69%
396 000 Islanti
67%
677 000 Luxemburg
65%
136 000 Kiribati
64%
219 000 Samoa
64%
132 000 Seychellit
64%
283 000 Barbados
57%
465 000 Brunei
50%
420 000 Belize
44%
794 000 Bhutan
43%
637 000 Suriname
36%
Ehtoja vastaavia visoja ei löytynyt
Tulosjakauma
Jokaisen tuloksen saaneiden osuus
Persentiili vastausten määrän mukaan
Tuloshistoriasi
Et ole pelannut tätä visaa